[Event "27.Autunno M.Monticelli B"]
[Site "Venezia"]
[Date "2023.10.14"]
[Round "2.5"]
[White "Alessandrini, Alfredo"]
[Black "Amadardo, Matteo"]
[Result "1-0"]
[WhiteElo "1608"]
[BlackElo "1390"]
[Annotator "Ballarin,Gabriele"]
[PlyCount "85"]
[EventDate "2023.10.13"]
[EventType "swiss"]
[EventRounds "5"]
[EventCountry "ITA"]

1. e4 e6 2. d4 d5 3. Bd3 Nf6 4. e5 Nfd7 5. Ne2 c5 6. c3 Nc6 7. a3 Be7 8. O-O O-O 9. f4 f5 10. Nd2 cxd4 11. cxd4 Rf7 12. Nf3 h6 13. b4 a6 14. Qe1 Nb6 15. Qc3 Bd7 16. Qb3 Rc8 17. Bd2 Na7 18. Rfc1 Nc4 19. Bxc4 dxc4 20. Qa2 b5 21. Be3 Qb6 22. Qd2 Qb7 23. Nc3 Bc6 24. Rf1 Rd8 25. Rad1 Nc8 26. Qf2 Nb6 27. Nh4 Nd5 28. Nxd5 Bxd5 29. Ng6 Rc8 30. h4 Bd8 31. Rc1 a5 32. h5 axb4 33. axb4 Rfc7 34. Rc3 Qa8 35. Qb2 Ra7 36. Rf2 Rc6 37. Qd2 Rca6 38. Rc2 Be4 39. Rb2 Ra3 40. Qe2 c3 41. Qxb5 cxb2 42. Qe8+ Kh7 43. Qh8# 1-0

[Event "27.Autunno M.Monticelli B"]
[Site "Venezia"]
[Date "2023.10.14"]
[Round "2.6"]
[White "Hernandez Proto, Maria Angelina"]
[Black "Khalamivskiy, Mykhailo"]
[Result "0-1"]
[WhiteElo "1494"]
[BlackElo "1373"]
[Annotator "Ballarin,Gabriele"]
[PlyCount "28"]
[EventDate "2023.10.13"]
[EventType "swiss"]
[EventRounds "5"]
[EventCountry "ITA"]

1. d4 Nf6 2. c4 g6 3. Nc3 Bg7 4. e4 d6 5. f4 Nbd7 6. Nf3 O-O 7. Bd3 e5 8. d5 Nc5 9. Bc2 exf4 10. Bxf4 Re8 11. e5 dxe5 12. Be3 e4 13. Ng5 Nd3+ 14. Kd2 Ng4 0-1

[Event "27.Autunno M.Monticelli B"]
[Site "Venezia"]
[Date "2023.10.14"]
[Round "2.7"]
[White "Lenzing, Raphael"]
[Black "Carboni, Giacomo"]
[Result "1-0"]
[WhiteElo "1439"]
[BlackElo "1323"]
[Annotator "Ballarin,Gabriele"]
[PlyCount "65"]
[EventDate "2023.10.13"]
[EventType "swiss"]
[EventRounds "5"]
[EventCountry "ITA"]

1. e4 c5 2. Nf3 d6 3. d4 cxd4 4. Nxd4 Nf6 5. Nc3 a6 6. f3 e5 7. Nb3 Nc6 8. Be3 b5 9. Qd2 Be6 10. Nd5 Be7 11. O-O-O Bxd5 12. exd5 Nb8 13. g4 e4 14. g5 Nfd7 15. fxe4 Ne5 16. Be2 Nbd7 17. Kb1 Nc4 18. Bxc4 bxc4 19. Nd4 Nc5 20. Nf5 Nxe4 21. Nxg7+ Kf8 22. Qd4 Rg8 23. Qxe4 Rxg7 24. Bd4 Rxg5 25. Qxh7 Ke8 26. Rhf1 f6 27. Rde1 Kf8 28. h4 Rxd5 29. Rg1 Rg5 30. hxg5 fxg5 31. Qh8+ Kf7 32. Rgf1+ Kg6 33. Qg7+ 1-0

[Event "27.Autunno M.Monticelli B"]
[Site "Venezia"]
[Date "2023.10.14"]
[Round "2.8"]
[White "Steffinlongo, Anastasia"]
[Black "Lobina, Riccardo Marco"]
[Result "0-1"]
[WhiteElo "999"]
[BlackElo "1437"]
[Annotator "Ballarin,Gabriele"]
[PlyCount "74"]
[EventDate "2023.10.13"]
[EventType "swiss"]
[EventRounds "5"]
[EventCountry "ITA"]

1. e4 e5 2. Nf3 Nc6 3. Bc4 Bc5 4. O-O Nf6 5. d3 d6 6. c3 a5 7. Re1 Ba7 8. Nbd2 O-O 9. Nf1 Ne7 10. Ng3 c6 11. d4 Ng6 12. h3 h6 13. Be3 b5 14. Bd3 Re8 15. Qd2 Nf8 16. Rad1 Qc7 17. Nh4 N8h7 18. Bxh6 gxh6 19. Qxh6 Qe7 20. Nh5 Nxh5 21. Qxh5 Qg5 22. Qxg5+ Nxg5 23. Re3 Kh8 24. Rg3 Rg8 25. dxe5 dxe5 26. Rf1 Ne6 27. Rf3 Nf4 28. Kh2 Be6 29. Kh1 Rad8 30. Rd1 Bc4 31. g3 Nxd3 32. Rg1 Nxf2+ 33. Kg2 Nxe4 34. Re1 Rd2+ 35. Kh1 Nxg3+ 36. Rxg3 Rxg3 37. Nf5 Rxh3# 0-1

[Event "27.Autunno M.Monticelli B"]
[Site "Venezia"]
[Date "2023.10.14"]
[Round "2.9"]
[White "Grendene, Luca"]
[Black "Franco Tevez Inti, Mahatma"]
[Result "1-0"]
[WhiteElo "1488"]
[BlackElo "1047"]
[Annotator "Ballarin,Gabriele"]
[PlyCount "59"]
[EventDate "2023.10.13"]
[EventType "swiss"]
[EventRounds "5"]
[EventCountry "ITA"]

1. e4 c5 2. Nf3 d6 3. Nc3 Nf6 4. d4 cxd4 5. Nxd4 e6 6. Be3 Be7 7. f3 O-O 8. Qd2 Nbd7 9. O-O-O Qc7 10. Ndb5 Qc6 11. Nxd6 a6 12. g4 Rd8 13. Nxc8 Raxc8 14. Bd3 Ne5 15. Qe2 Bb4 16. Nb1 Nc4 17. Bxc4 Qxc4 18. Rxd8+ Bf8 19. Qxc4 Rxc4 20. Na3 Rc7 21. Bf4 Rc6 22. Rhd1 h6 23. Bd6 Nh7 24. Bxf8 Nxf8 25. Rb8 b5 26. Rdd8 Kh7 27. Rxf8 f6 28. f4 Rd6 29. f5 e5 30. Rh8# 1-0

[Event "27.Autunno M.Monticelli B"]
[Site "Venezia"]
[Date "2023.10.14"]
[Round "2.10"]
[White "Amadei, Beatrice"]
[Black "Rizzo, Nicodemo"]
[Result "0-1"]
[WhiteElo "1081"]
[BlackElo "1482"]
[Annotator "Ballarin,Gabriele"]
[PlyCount "104"]
[EventDate "2023.10.13"]
[EventType "swiss"]
[EventRounds "5"]
[EventCountry "ITA"]

1. e4 e5 2. Nf3 d6 3. d4 exd4 4. Nxd4 Nf6 5. Nc3 Be7 6. Be3 Bd7 7. g3 Nc6 8. Nb3 Ng4 9. Qd2 Nxe3 10. Qxe3 Bg5 11. Qd3 Nb4 12. Qe2 Be6 13. Qb5+ Nc6 14. Nd4 Bd7 15. Nxc6 Bxc6 16. Qd3 Qe7 17. Bg2 a6 18. a4 Bf6 19. O-O O-O 20. Rfe1 Qd7 21. Qc4 Bxc3 22. bxc3 Rfe8 23. Qb3 Rab8 24. h3 h6 25. Kh2 Qe6 26. f4 Qg6 27. f5 Qf6 28. Rad1 Re5 29. Rd2 Rbe8 30. Rde2 Qe7 31. Re3 Qd7 32. R3e2 b6 33. Qb4 a5 34. Qd4 Bxa4 35. Ra1 Bc6 36. c4 Rxf5 37. Rae1 Rfe5 38. h4 Qe7 39. Qd3 Bd7 40. Re3 Kh8 41. R3e2 f5 42. Bf3 fxe4 43. Bxe4 Bf5 44. c3 Bxe4 45. Qd4 Qe6 46. Re3 Qf5 47. R3e2 Bf3 48. Rxe5 Rxe5 49. Rf1 Re2+ 50. Rf2 Qc2 51. Qf4 Rxf2+ 52. Kh3 Rh2# 0-1

[Event "27.Autunno M.Monticelli B"]
[Site "Venezia"]
[Date "2023.10.14"]
[Round "2.11"]
[White "Rignanese, Michele"]
[Black "Pisnyy, Massimo"]
[Result "1-0"]
[WhiteElo "1368"]
[BlackElo "999"]
[Annotator "Ballarin,Gabriele"]
[PlyCount "35"]
[EventDate "2023.10.13"]
[EventType "swiss"]
[EventRounds "5"]
[EventCountry "ITA"]

1. e4 e5 2. Nf3 Nc6 3. d4 d5 4. exd5 Qxd5 5. Nc3 Bb4 6. Bd2 Bxc3 7. Bxc3 Bg4 8. dxe5 Bxf3 9. Qxf3 Qxf3 10. gxf3 Nge7 11. O-O-O O-O 12. Bc4 Ng6 13. e6 Nge5 14. exf7+ Nxf7 15. Rd7 Rad8 16. Rxc7 Rc8 17. Bxf7+ Kh8 18. Rg1 1-0

[Event "27.Autunno M.Monticelli B"]
[Site "Venezia"]
[Date "2023.10.14"]
[Round "2.12"]
[White "Sorgi, Franco"]
[Black "Schievano, Massimiliano"]
[Result "1/2-1/2"]
[WhiteElo "1207"]
[BlackElo "999"]
[Annotator "Ballarin,Gabriele"]
[PlyCount "130"]
[EventDate "2023.10.13"]
[EventType "swiss"]
[EventRounds "5"]
[EventCountry "ITA"]

1. e4 c6 2. d4 d5 3. e5 c5 4. c3 Nc6 5. Nf3 Bg4 6. Be2 e6 7. Bg5 Qb6 8. b3 Bxf3 9. Bxf3 cxd4 10. cxd4 Bb4+ 11. Nd2 Qxd4 12. Be3 Qxe5 13. O-O Bd6 14. g3 Nge7 15. Bf4 Qf6 16. Bxd6 Nf5 17. Bc5 b6 18. Ba3 b5 19. Bc5 a5 20. Re1 Nce7 21. Qe2 O-O 22. Qxb5 Rfb8 23. Qd3 Nc6 24. Rac1 Rc8 25. Bg2 Ne5 26. Qe2 Nd7 27. Ba3 Nd4 28. Qe3 Nc2 29. Rxc2 Rxc2 30. Nf3 Rxa2 31. Bd6 h6 32. Ne5 Nxe5 33. Bxe5 Qf5 34. f4 Qc2 35. Qf3 f6 36. Bd4 Rb8 37. Rxe6 Rxb3 38. Qxd5 Qxg2+ 39. Qxg2 Rxg2+ 40. Kxg2 a4 41. Ra6 a3 42. Bc5 Rb2+ 43. Kh3 a2 44. Bd4 Rc2 45. Ra7 Rc4 46. Ba1 h5 47. f5 Rc2 48. Bd4 Rd2 49. Be3 Rc2 50. Bf4 Re2 51. g4 hxg4+ 52. Kxg4 Rg2+ 53. Bg3 Kh7 54. Kf3 Rc2 55. Kg4 Rc4+ 56. Kf3 Rc3+ 57. Ke2 Rc2+ 58. Kd3 Rg2 59. Kc3 Kh6 60. Kb3 Kg5 61. Rxg7+ Kxf5 62. Ra7 Kg4 63. Rxa2 Rxa2 64. Kxa2 f5 65. Kb3 f4 1/2-1/2

[Event "27.Autunno M.Monticelli B"]
[Site "Venezia"]
[Date "2023.10.14"]
[Round "2.13"]
[White "Baymani, Soroush"]
[Black "Patron, Cristobal"]
[Result "1-0"]
[WhiteElo "1642"]
[BlackElo "1227"]
[Annotator "Ballarin,Gabriele"]
[PlyCount "61"]
[EventDate "2023.10.13"]
[EventType "swiss"]
[EventRounds "5"]
[EventCountry "ITA"]

1. c4 e5 2. g3 Nc6 3. Bg2 Nf6 4. d3 d5 5. cxd5 Nxd5 6. a3 Bc5 7. Nf3 O-O 8. O-O Be6 9. b4 Bb6 10. b5 Bd4 11. Nxd4 Nxd4 12. a4 Bg4 13. f3 Bc8 14. e3 Nf5 15. Re1 Nf6 16. Nc3 Re8 17. Bb2 c5 18. bxc6 Qb6 19. Qe2 Nxe3 20. Qxe3 Qxb2 21. cxb7 Bxb7 22. Rab1 Qxc3 23. Rxb7 Nd5 24. Qe2 Qd4+ 25. Kh1 Qxa4 26. f4 Nc3 27. Qb2 Qd4 28. Rb4 exf4 29. Rxe8+ Rxe8 30. Rxd4 fxg3 31. Qxc3 1-0

[Event "27.Autunno M.Monticelli B"]
[Site "Venezia"]
[Date "2023.10.14"]
[Round "2.14"]
[White "Zanon, Dante"]
[Black "Rossi, Gianni"]
[Result "0-1"]
[WhiteElo "1126"]
[BlackElo "1495"]
[Annotator "Ballarin,Gabriele"]
[PlyCount "64"]
[EventDate "2023.10.13"]
[EventType "swiss"]
[EventRounds "5"]
[EventCountry "ITA"]

1. e4 g6 2. d4 Bg7 3. Nf3 d6 4. Nc3 a6 5. h3 e6 6. Be3 Ne7 7. Qd2 h6 8. O-O-O b5 9. Bd3 Nd7 10. g4 Nb6 11. Rhg1 Bd7 12. Nh2 Nc4 13. Bxc4 bxc4 14. f4 f5 15. gxf5 exf5 16. d5 fxe4 17. Bd4 e3 18. Qxe3 Kf7 19. Bxg7 Nf5 20. Qe2 Nxg7 21. Qxc4 Bf5 22. Nf3 Bxh3 23. Nd4 Qd7 24. Qd3 Bf5 25. Nxf5 Qxf5 26. Ne4 Rhe8 27. Rde1 Qxf4+ 28. Kb1 Nf5 29. Qc4 Re7 30. Re2 Ne3 31. Rxe3 Qxe3 32. Rf1+ Kg7 0-1

[Event "27.Autunno M.Monticelli B"]
[Site "Venezia"]
[Date "2023.10.14"]
[Round "2.16"]
[White "Zanon, Michele"]
[Black "Tatulli Uva, Alberto"]
[Result "1-0"]
[WhiteElo "1364"]
[BlackElo "1025"]
[Annotator "Ballarin,Gabriele"]
[PlyCount "69"]
[EventDate "2023.10.13"]
[EventType "swiss"]
[EventRounds "5"]
[EventCountry "ITA"]

1. e4 e6 2. d3 d5 3. Nd2 Nf6 4. e5 Nfd7 5. f4 c5 6. Ngf3 Nc6 7. Be2 Be7 8. O-O Qb6 9. c3 O-O 10. Qe1 h6 11. Kh1 Qc7 12. Ng1 b6 13. Ndf3 Bb7 14. Nh3 Kh7 {=} 15. Be3 Rg8 16. d4 g6 17. Bd3 c4 18. Bc2 b5 19. g4 Raf8 20. f5 Nd8 21. f6 Nxf6 22. exf6 Bxf6 23. Bf4 Qc6 24. Ne5 Bxe5 25. Bxe5 Qd7 26. Rf6 Nc6 27. Qe3 Nxe5 28. Qxe5 Qe7 29. Raf1 Rg7 30. Nf4 Kg8 31. Rf3 g5 32. Nh5 Rh7 33. Bxh7+ Kxh7 34. Rxh6+ Kg8 35. Qg7# 1-0

[Event "27.Autunno M.Monticelli B"]
[Site "Venezia"]
[Date "2023.10.14"]
[Round "2.17"]
[White "Girardi, Alvise"]
[Black "Destro, Andrea"]
[Result "1-0"]
[WhiteElo "1322"]
[BlackElo "999"]
[Annotator "Ballarin,Gabriele"]
[PlyCount "83"]
[EventDate "2023.10.13"]
[EventType "swiss"]
[EventRounds "5"]
[EventCountry "ITA"]

1. e4 c5 2. Nf3 d6 3. d4 cxd4 4. Nxd4 Nf6 5. Nc3 a6 6. Be3 Ng4 7. Qd2 Nxe3 8. Qxe3 g6 9. f3 Bg7 10. Nb3 O-O 11. g4 Nc6 12. h4 e6 13. h5 g5 14. h6 Be5 15. a3 Qf6 16. Rd1 Bg3+ 17. Ke2 Ne5 18. Rh3 Bh4 19. Rxh4 gxh4 20. g5 Qg6 21. f4 Qh5+ 22. Kd2 Nc6 23. Be2 Qg6 24. Rh1 h3 25. Rxh3 e5 26. f5 Bxf5 27. exf5 Qxf5 28. Bd3 Qe6 29. Qe4 f5 30. gxf6 Rf7 31. Rg3+ Kf8 32. Bc4 d5 33. Bxd5 Rd8 34. Kc1 Qxf6 35. Rf3 Qxh6+ 36. Kb1 Qh1+ 37. Nc1 Rxd5 38. Rxf7+ Kxf7 39. Qxh1 Rd7 40. Qxh7+ Ke6 41. Qg6+ Ke7 42. Nd3 1-0

[Event "27.Autunno M.Monticelli B"]
[Site "Venezia"]
[Date "2023.10.14"]
[Round "2.18"]
[White "Ghezzo, Sebastiano"]
[Black "Cedriano, Mattia"]
[Result "0-1"]
[WhiteElo "999"]
[BlackElo "1269"]
[Annotator "Ballarin,Gabriele"]
[PlyCount "72"]
[EventDate "2023.10.13"]
[EventType "swiss"]
[EventRounds "5"]
[EventCountry "ITA"]

1. e4 e6 2. d4 d5 3. Nc3 Nf6 4. e5 Nfd7 5. Nf3 c5 6. Nb5 cxd4 7. Nbxd4 Nc6 8. c3 Ndxe5 9. Nxe5 Nxe5 10. Bf4 Ng6 11. Bg3 a6 12. Bd3 Bc5 13. b4 Bxd4 14. cxd4 Qb6 15. Bxg6 Qxb4+ 16. Qd2 Qxd2+ 17. Kxd2 hxg6 18. Rab1 Ke7 19. f4 Rd8 20. Bh4+ f6 21. Ke3 b5 22. Rhc1 Bd7 23. Be1 Rdc8 24. Bb4+ Kf7 25. Bc5 Rc7 26. g3 Rac8 27. Rb2 e5 28. fxe5 fxe5 29. Rf2+ Ke6 30. Rcf1 Be8 31. Rf8 exd4+ 32. Kxd4 Rxc5 33. Rxe8+ Kd7 34. Rfe1 Rc4+ 35. Kxd5 Rxe8 36. Rxe8 Kxe8 0-1

[Event "27.Autunno M.Monticelli B"]
[Site "Venezia"]
[Date "2023.10.14"]
[Round "2.19"]
[White "Magda, Serafima"]
[Black "Jaccarino, Giulio"]
[Result "1-0"]
[WhiteElo "1252"]
[BlackElo "999"]
[Annotator "Ballarin,Gabriele"]
[PlyCount "97"]
[EventDate "2023.10.13"]
[EventType "swiss"]
[EventRounds "5"]
[EventCountry "ITA"]

1. c4 e5 2. Nf3 Nc6 3. d4 exd4 4. Nxd4 Nf6 5. Nc3 d5 6. e3 Bb4 7. Nxc6 Bxc3+ 8. bxc3 bxc6 9. Ba3 Ne4 10. Qd4 Qf6 11. Qxf6 Nxf6 12. cxd5 cxd5 13. c4 Ba6 14. cxd5 Bxf1 15. Rxf1 Nxd5 16. Ke2 Nc3+ 17. Kf3 f6 18. Rfc1 Nb5 19. Bb2 Rc8 20. Rc5 Nd6 21. Bd4 a6 22. Rc6 Kf7 23. Rac1 Rhd8 24. Rxc7+ Rxc7 25. Rxc7+ Kg8 26. Rc1 Nf5 27. Rd1 Kf7 28. g3 g5 29. Ke4 Ke6 30. Rb1 Nd6+ 31. Kd3 Nb5 32. a4 Nxd4 33. exd4 Rd6 34. Rb7 Rd7 35. Rxd7 Kxd7 36. Ke4 Ke7 37. Kf5 a5 38. f4 gxf4 39. gxf4 Kf7 40. h4 Ke7 41. h5 Kf7 42. d5 Ke7 43. h6 Kd6 44. Kxf6 Kxd5 45. f5 Kd6 46. Kf7 Kd7 47. Kg7 Ke8 48. f6 Kd7 49. f7 1-0

[Event "27.Autunno M.Monticelli B"]
[Site "Venezia"]
[Date "2023.10.14"]
[Round "2.20"]
[White "Salgado, David"]
[Black "Piovesan, Alberto"]
[Result "1-0"]
[WhiteElo "999"]
[BlackElo "1247"]
[Annotator "Ballarin,Gabriele"]
[PlyCount "73"]
[EventDate "2023.10.13"]
[EventType "swiss"]
[EventRounds "5"]
[EventCountry "ITA"]

1. d4 e6 2. Nf3 Nf6 3. Bg5 d5 4. Nbd2 c5 5. e3 Nbd7 6. c4 Qb6 7. b3 cxd4 8. exd4 a5 9. Bd3 dxc4 10. Bxc4 Be7 11. Qc2 Qd8 12. O-O h6 13. Bh4 Nh5 14. Bxe7 Qxe7 15. Rfe1 O-O 16. d5 Nb6 17. Qe4 Nxc4 18. bxc4 Nf6 19. Qd4 Qd6 20. Re5 exd5 21. Ne4 Nxe4 22. Rxe4 Be6 23. Rd1 Rfd8 24. Re5 f6 25. Rh5 Bf7 26. Rf5 Rac8 27. cxd5 Bxd5 28. h3 Rc5 29. Nh4 Kf7 30. Qg4 Rg8 31. Qg6+ Kf8 32. Qh5 Ke7 33. Rfxd5 Rxd5 34. Rxd5 g6 35. Nxg6+ Rxg6 36. Rxd6 Rg5 37. Qd1 1-0

[Event "27.Autunno M.Monticelli B"]
[Site "Venezia"]
[Date "2023.10.14"]
[Round "3.1"]
[White "Velluti, Alberto"]
[Black "Alessandrini, Alfredo"]
[Result "1-0"]
[WhiteElo "1718"]
[BlackElo "1608"]
[Annotator "Ballarin,Gabriele"]
[PlyCount "91"]
[EventDate "2023.10.13"]
[EventType "swiss"]
[EventRounds "5"]
[EventCountry "ITA"]

1. e4 e6 2. d4 d5 3. exd5 exd5 4. Bd3 Bd6 5. Nf3 Ne7 6. Bg5 f6 7. Bh4 O-O 8. c3 Bf5 9. O-O Bxd3 10. Qxd3 Qd7 11. Nbd2 Qf5 12. Qb5 Nbc6 13. Rfe1 a6 14. Qb3 b5 15. Bg3 Na5 16. Qd1 Bxg3 17. hxg3 Ng6 18. Nh4 Nxh4 19. gxh4 Rfe8 20. Nf1 Kf7 21. Ng3 Rxe1+ 22. Qxe1 Qf4 23. Qe2 g6 24. Re1 Qd6 25. h5 Qd7 26. Qd2 Re8 27. Rc1 Kg7 28. b3 Nb7 29. c4 dxc4 30. bxc4 Nd6 31. cxb5 Nxb5 32. d5 Re5 33. h6+ Kf7 34. Qa5 Rxd5 35. Qxa6 Rd1+ 36. Rxd1 Qxd1+ 37. Kh2 Qd5 38. a4 Nd6 39. Qa7 Qb7 40. Qc5 Qb6 41. Qd5+ Ke7 42. Qg8 Qd4 43. Qxh7+ Nf7 44. Qxg6 Qh4+ 45. Kg1 Qxh6 46. Nf5+ 1-0

[Event "27.Autunno M.Monticelli B"]
[Site "Venezia"]
[Date "2023.10.14"]
[Round "3.2"]
[White "De Bona, Filippo"]
[Black "Lenzing, Raphael"]
[Result "0-1"]
[WhiteElo "1624"]
[BlackElo "1439"]
[Annotator "Ballarin,Gabriele"]
[PlyCount "66"]
[EventDate "2023.10.13"]
[EventType "swiss"]
[EventRounds "5"]
[EventCountry "ITA"]

1. d4 Nf6 2. c4 e6 3. Nc3 d5 4. cxd5 exd5 5. Bg5 Be7 6. e3 h6 7. Bh4 c6 8. Qc2 Ne4 9. Bxe7 Qxe7 10. Nxd5 cxd5 11. Qxc8+ Qd8 12. Bb5+ Ke7 13. Qxb7+ Nd7 14. Qxd5 Qa5+ 15. Kf1 Ndf6 16. Qb7+ Kd6 17. Qa6+ Qxa6 18. Bxa6 Rab8 19. b3 Rb6 20. Bc4 Rc8 21. Ke2 Rxc4 22. bxc4 Rb2+ 23. Ke1 Nxf2 24. c5+ Kc7 25. Nf3 N6e4 26. d5 Nxh1 27. Rc1 Nhf2 28. d6+ Kc8 29. Rc4 Nd3+ 30. Kf1 Ndxc5 31. a4 Ra2 32. Rc1 f6 33. Nd4 Kd7 0-1

[Event "27.Autunno M.Monticelli B"]
[Site "Venezia"]
[Date "2023.10.14"]
[Round "3.3"]
[White "Lobina, Riccardo Marco"]
[Black "Balbi, Fabio"]
[Result "0-1"]
[WhiteElo "1437"]
[BlackElo "1622"]
[Annotator "Ballarin,Gabriele"]
[PlyCount "76"]
[EventDate "2023.10.13"]
[EventType "swiss"]
[EventRounds "5"]
[EventCountry "ITA"]

1. e4 c5 2. Nf3 Nc6 3. Bb5 Qc7 4. O-O a6 5. Bxc6 dxc6 6. d3 Bg4 7. Be3 e6 8. Nbd2 Nf6 9. a4 Be7 10. a5 O-O 11. h3 Bh5 12. Qe1 Nd7 13. Nh2 e5 14. g4 Bg6 15. Nc4 f6 16. f4 Bf7 17. f5 b5 18. axb6 Nxb6 19. Qa5 Bxc4 20. dxc4 Qb7 21. Bxc5 Nxc4 22. Qa2 Bxc5+ 23. Kh1 Qf7 24. Qa4 Nxb2 25. Qxc6 Rfc8 26. Qd5 Bd4 27. Ra2 Qxd5 28. exd5 Rc5 29. Nf3 Nc4 30. Nxd4 exd4 31. Ra4 Ne3 32. Re1 Rxd5 33. c3 Nc2 34. Re2 d3 35. Rd2 Re8 36. Rd4 Nxd4 37. Rxd3 Red8 38. cxd4 Rxd4 0-1

[Event "27.Autunno M.Monticelli B"]
[Site "Venezia"]
[Date "2023.10.14"]
[Round "3.4"]
[White "Marson, Eva Jane"]
[Black "Khalamivskiy, Mykhailo"]
[Result "1-0"]
[WhiteElo "1621"]
[BlackElo "1373"]
[Annotator "Ballarin,Gabriele"]
[PlyCount "93"]
[EventDate "2023.10.13"]
[EventType "swiss"]
[EventRounds "5"]
[EventCountry "ITA"]

1. e4 c5 2. Nf3 Nc6 3. d4 cxd4 4. Nxd4 e5 5. Nb5 a6 6. Nd6+ Bxd6 7. Qxd6 Qe7 8. Qd1 Nf6 9. Nc3 h6 10. Bc4 d6 11. O-O Be6 12. Nd5 Qd8 13. Be3 Bxd5 14. Bxd5 Rc8 15. c3 O-O 16. f3 Qc7 17. Qd2 Kh7 18. Rad1 Rcd8 19. Kh1 Nxd5 20. Qxd5 Ne7 21. Qd3 Kh8 22. c4 f5 23. f4 fxe4 24. Qxe4 Nc6 25. fxe5 Nxe5 26. b3 Rfe8 27. Bf4 b5 28. cxb5 axb5 29. Qd5 Qb6 30. Qd4 Qc7 31. h3 Qd7 32. Rfe1 Qc7 33. Qb4 Nf7 34. Rxe8+ Rxe8 35. Qxb5 Rd8 36. a4 Rb8 37. Qd5 Qc2 38. Rd3 Ne5 39. Bxe5 dxe5 40. Qxe5 Qxd3 41. Qxb8+ Kh7 42. a5 Qa6 43. b4 h5 44. Kh2 g5 45. b5 Qxa5 46. b6 g4 47. Qa7+ 1-0

[Event "27.Autunno M.Monticelli B"]
[Site "Venezia"]
[Date "2023.10.14"]
[Round "3.5"]
[White "Rizzo, Nicodemo"]
[Black "Grendene, Luca"]
[Result "1/2-1/2"]
[WhiteElo "1482"]
[BlackElo "1488"]
[Annotator "Ballarin,Gabriele"]
[PlyCount "76"]
[EventDate "2023.10.13"]
[EventType "swiss"]
[EventRounds "5"]
[EventCountry "ITA"]

1. d4 Nf6 2. c4 g6 3. Nf3 Bg7 4. e3 O-O 5. Be2 d6 6. O-O Nc6 7. Nc3 e5 8. d5 Ne7 9. e4 Ne8 10. Bg5 f6 11. Be3 f5 12. Qc2 f4 13. Bd2 h6 14. b4 g5 15. h3 Ng6 16. c5 h5 17. Nh2 Nf6 18. Qd1 g4 19. hxg4 hxg4 20. Nxg4 Nxg4 21. Bxg4 Qg5 22. f3 Nh4 23. Qe2 Bxg4 24. fxg4 Qg6 25. Be1 Qg5 26. Bxh4 Qxh4 27. Qf3 Bh6 28. Qh3 Qxh3 29. gxh3 f3 30. Nd1 Bd2 31. a3 a5 32. Ra2 Bg5 33. Rff2 Bh4 34. Rfc2 Rf4 35. Nf2 axb4 36. axb4 Rxa2 37. Rxa2 Bxf2+ 38. Kxf2 Rxe4 1/2-1/2

[Event "27.Autunno M.Monticelli B"]
[Site "Venezia"]
[Date "2023.10.14"]
[Round "3.6"]
[White "Baymani, Soroush"]
[Black "Rignanese, Michele"]
[Result "1-0"]
[WhiteElo "1642"]
[BlackElo "1368"]
[Annotator "Ballarin,Gabriele"]
[PlyCount "91"]
[EventDate "2023.10.13"]
[EventType "swiss"]
[EventRounds "5"]
[EventCountry "ITA"]

1. Nf3 Nf6 2. c4 c5 3. g3 e6 4. Bg2 Nc6 5. Nc3 Be7 6. O-O O-O 7. a3 d5 8. cxd5 exd5 9. d4 c4 10. Bg5 Be6 11. Bxf6 Bxf6 12. e3 Qd7 13. Nd2 Ne7 14. Rb1 Bh3 15. b3 Bxg2 16. Kxg2 Rac8 17. bxc4 dxc4 18. Kg1 Nd5 19. Nde4 Be7 20. Nxd5 Qxd5 21. Nc3 Qa5 22. Qc2 a6 23. Rxb7 Qxa3 24. Rfb1 Qd6 25. R1b6 Qa3 26. Ra7 a5 27. Rbb7 Bf6 28. Nd5 Qd3 29. Nxf6+ gxf6 30. Rb2 Ra8 31. Qxd3 cxd3 32. Rxa8 Rxa8 33. Kf1 Kf8 34. Ke1 Rc8 35. Kd2 Ke7 36. Kxd3 a4 37. Rb7+ Ke6 38. Ra7 Rb8 39. Rxa4 Rb2 40. d5+ Kxd5 41. Rf4 Ke5 42. g4 Rb3+ 43. Ke2 Rb8 44. Kf3 Rb3 45. Rf5+ Ke6 46. Rh5 1-0

[Event "27.Autunno M.Monticelli B"]
[Site "Venezia"]
[Date "2023.10.14"]
[Round "3.7"]
[White "Rossi, Gianni"]
[Black "Girardi, Alvise"]
[Result "1-0"]
[WhiteElo "1495"]
[BlackElo "1322"]
[Annotator "Ballarin,Gabriele"]
[PlyCount "65"]
[EventDate "2023.10.13"]
[EventType "swiss"]
[EventRounds "5"]
[EventCountry "ITA"]

1. d4 Nf6 2. f3 g6 3. e4 d6 4. Nc3 Bg7 5. Be3 O-O 6. Qd2 Re8 7. O-O-O Nbd7 8. h4 h5 9. Nh3 e5 10. dxe5 Nxe5 11. Bg5 Be6 12. Nf4 Qd7 13. Nxe6 Qxe6 14. Be2 a6 15. Bxf6 Bxf6 16. Nd5 Rac8 17. Nxf6+ Qxf6 18. f4 Nd7 19. e5 Qe6 20. b3 Nb6 21. g4 dxe5 22. f5 gxf5 23. gxf5 Qxf5 24. Qh6 Qf4+ 25. Qxf4 exf4 26. Bxh5 Kh7 27. Rd4 Kh6 28. Bxf7 Rf8 29. Rxf4 Rcd8 30. Rhf1 Rd6 31. Rf5 Kh7 32. Rg1 Rfd8 33. Rh5+ 1-0

[Event "27.Autunno M.Monticelli B"]
[Site "Venezia"]
[Date "2023.10.14"]
[Round "3.8"]
[White "Cedriano, Mattia"]
[Black "Hernandez Proto, Maria Angelina"]
[Result "1-0"]
[WhiteElo "1269"]
[BlackElo "1494"]
[Annotator "Ballarin,Gabriele"]
[PlyCount "81"]
[EventDate "2023.10.13"]
[EventType "swiss"]
[EventRounds "5"]
[EventCountry "ITA"]

1. e4 c5 2. Nf3 Nc6 3. Bb5 e6 4. O-O Nf6 5. Re1 Qc7 6. c3 a6 7. Bxc6 bxc6 8. d4 cxd4 9. cxd4 c5 10. d5 Bb7 11. Nc3 Ng4 12. h3 Ne5 13. Nxe5 Qxe5 14. f4 Qf6 15. Be3 Be7 16. d6 Bd8 17. Bxc5 Qg6 18. f5 Qh6 19. Be3 Qh4 20. fxe6 fxe6 21. Bf2 Qh6 22. Qg4 O-O 23. Be3 Qf6 24. Rf1 Qe5 25. Rxf8+ Kxf8 26. Rf1+ Kg8 27. Rd1 Rc8 28. Bd4 Qg5 29. Qxg5 Bxg5 30. e5 Rf8 31. Rf1 Rxf1+ 32. Kxf1 Kf7 33. Kf2 Kg6 34. g4 h5 35. Na4 Bc6 36. Nc5 a5 37. a4 Bd8 38. b3 Bb6 39. Nxe6 Bxd4+ 40. Nxd4 Bd5 41. e6 1-0

[Event "27.Autunno M.Monticelli B"]
[Site "Venezia"]
[Date "2023.10.14"]
[Round "3.9"]
[White "Tona, Leonardo"]
[Black "Magda, Serafima"]
[Result "1-0"]
[WhiteElo "1423"]
[BlackElo "1252"]
[Annotator "Ballarin,Gabriele"]
[PlyCount "121"]
[EventDate "2023.10.13"]
[EventType "swiss"]
[EventRounds "5"]
[EventCountry "ITA"]

1. e4 e6 2. d4 d5 3. e5 c5 4. c3 Qb6 5. Nf3 Nc6 6. Be2 cxd4 7. cxd4 Bb4+ 8. Nc3 Nge7 9. a3 Bxc3+ 10. bxc3 O-O 11. O-O Bd7 12. Qc2 Rac8 13. Be3 Nf5 14. Rfc1 Rc7 15. Rcb1 Ncxd4 16. Nxd4 Nxd4 17. Bxd4 Qxd4 18. cxd4 Rxc2 19. Rxb7 Bc6 20. Rc7 Rxe2 21. Rxc6 Rd2 22. Ra6 Rxd4 23. Rxa7 Re4 24. a4 Rxe5 25. a5 Re4 26. a6 Rc4 27. Rb7 Rcc8 28. a7 Ra8 29. Rab1 g6 30. Kf1 Kg7 31. Ke2 h6 32. Kd3 h5 33. Kd4 Rfc8 34. Rd7 Kf6 35. Rb4 g5 36. Rdb7 Rc2 37. Rd7 Ra2 38. Rbb7 Rf8 39. Rb8 Kg7 40. Rxf8 Kxf8 41. Rd8+ Ke7 42. a8=Q Rxa8 43. Rxa8 h4 44. Ke5 f6+ 45. Kd4 Kf7 46. g4 hxg3 47. hxg3 g4 48. Kc5 f5 49. Kd6 d4 50. Ra4 d3 51. Rd4 Kf6 52. Rxd3 e5 53. Re3 e4 54. Kd5 Kg5 55. Ke5 Kg6 56. Rxe4 fxe4 57. Kxe4 Kg5 58. Ke5 Kg6 59. Kf4 Kh5 60. Kf5 Kh6 61. Kxg4 1-0